Statistics for Northernmost by Category

Click here to take the quiz!

General Stats

  • This quiz has been taken 14 times
  • The average score is 8 of 12

Answer Stats

HintAnswer% Correct
Northernmost North American countryCanada
100%
Northernmost South American countryColombia
100%
Northernmost Asian countrySiberia (Eurasian Russia)
100%
Northernmost country (whole world)Denmark (Greenland)
92%
Northernmost Oceanic islandKure Atoll (U.S)
92%
Northernmost African countryTunisia
92%
Northernmost capital of an independent stateReykjavík
83%
Northernmost desert in worldGobi Desert
67%
Northernmost U.S cityBarrow/Utqiagvik
42%
Northernmost cityLongyearbyen (Svalbard)
33%
Northernmost place of worship in the worldSvalbard Church
17%
Northernmost lake in the worldKaffeklubben Sø
8%

Score Distribution

Percentile by Number Answered

Percent of People with Each Score

Your Score History

You have not taken this quiz